| 000 | 01672nam a2200433Ii 4500 | ||
|---|---|---|---|
| 001 | DIGUVALLE317 | ||
| 003 | NyNyDIG | ||
| 006 | m o d | ||
| 007 | cr ||||||||||| | ||
| 008 | 211128s2018 ck ob 000 0 spa d | ||
| 020 |
_a9789587657159 _qeBook _qpdf |
||
| 020 | _z9789586708289 | ||
| 035 | _a(OCoLC)1283859710 | ||
| 040 |
_aDGITA _beng _erda _epn _cDGITA |
||
| 050 | 1 | 4 | _aBD241 ebook |
| 082 | 0 | 4 | _a121.68 |
| 245 | 0 | 0 |
_aHermenéutica en acción / _cJuan Manuel Cuantas Restrepo (compilador) |
| 250 | _aEdición digital. | ||
| 264 | 1 |
_aCali, Colombia : _bUniversidad del Valle, Programa Editorial, _c[2018] |
|
| 300 | _a1 online resource. | ||
| 336 |
_atext _btxt _2rdacontent |
||
| 337 |
_acomputer _bc _2rdamedia |
||
| 338 |
_aonline resource _bcr _2rdacarrier |
||
| 347 |
_atext file _2rdaft |
||
| 347 | _bPDF | ||
| 490 | 1 | _aColección Artes y Humanidades. Filosofía | |
| 504 | _aIncludes bibliographical references. | ||
| 588 | 0 | _aOnline resource; title from PDF title page (Digitalia, viewed November 30, 2021) | |
| 650 | 0 | _aHermeneutics. | |
| 655 | 0 | _aElectronic books. | |
| 700 | 1 |
_aCuartas Restrepo, Juan Manuel, _eeditor. |
|
| 791 | 2 |
_aDigitalia (Firm), _edistributor. |
|
| 793 | 0 |
_gDigitalia eBook Collection: _aUniversidad del Valle |
|
| 776 | 0 | 8 |
_iPrint version: _tHermenéutica en acción. _bPrimera edición impresa. _dCali, Colombia : Universidad del Valle, Programa Editorial, [2010] _z9789586708289 |
| 830 | 0 |
_aColección Artes y Humanidades (Universidad del Valle). _pFilosofía. |
|
| 856 | 4 | 0 |
_3Digitalia Hispánica _uhttps://www.digitaliapublishing.com/a/102113/ |
| 910 | _aPremium collection: 2022 | ||
| 942 | _cRAA | ||
| 999 |
_c268630 _d268630 |
||